<?xml version="1.0" encoding="UTF-8"?>
<marc:record xmlns:marc="http://www.loc.gov/MARC21/slim">
   <marc:leader>00000nam a2200000 a 4500</marc:leader>
   <marc:datafield ind1="1" ind2=" " tag="100">
      <marc:subfield code="a">Abel, Susanne</marc:subfield>
      <marc:subfield code="4">aut</marc:subfield>
      <marc:subfield code="e">Verfasser/-in</marc:subfield>
   </marc:datafield>
   <marc:datafield ind1=" " ind2=" " tag="653">
      <marc:subfield code="a">Fiktionale Darstellung</marc:subfield>
   </marc:datafield>
   <marc:datafield ind1=" " ind2=" " tag="653">
      <marc:subfield code="a">Erzählende Literatur</marc:subfield>
   </marc:datafield>
   <marc:datafield ind1="0" ind2="0" tag="245">
      <marc:subfield code="a">Was ich nie gesagt habe</marc:subfield>
   </marc:datafield>
   <marc:datafield ind1="0" ind2="0" tag="245">
      <marc:subfield code="b">Gretchens Schicksalsfamilie</marc:subfield>
   </marc:datafield>
   <marc:datafield ind1="0" ind2="0" tag="245">
      <marc:subfield code="c">Abel, Susanne</marc:subfield>
   </marc:datafield>
   <marc:datafield ind1=" " ind2="1" tag="264">
      <marc:subfield code="a">München</marc:subfield>
      <marc:subfield code="b">Deutscher Taschenbuch-Verlag</marc:subfield>
      <marc:subfield code="c">2023</marc:subfield>
   </marc:datafield>
   <marc:datafield ind1="1" ind2=" " tag="490">
      <marc:subfield code="a">Die Gretchen-Reihe</marc:subfield>
      <marc:subfield code="v">2</marc:subfield>
   </marc:datafield>
   <marc:datafield ind1=" " ind2=" " tag="250">
      <marc:subfield code="a">Ungekürzte Ausgabe</marc:subfield>
   </marc:datafield>
   <marc:datafield ind1="1" ind2=" " tag="520">
      <marc:subfield code="a">Der mitreißende Folgeroman von ›Stay away from Gretchen‹&#xD;
Tom Monderath ist frisch verliebt. Mit Jenny erlebt er die glücklichste Zeit seines Lebens. Bis er durch Zufall auf seinen Halbbruder Henk stößt, der alles über ihren gemeinsamen Vater wissen will. Doch Konrad starb vor vielen Jahren und seine demente Mutter Greta kann Tom nicht befragen. Als sich weitere Halbgeschwister melden, folgt Tom den Spuren Konrads. Selbst fast noch ein Kind, kämpfte Toms Vater im Krieg, geriet in amerikanische Gefangenschaft, bevor er in den späten 40er-Jahren nach Heidelberg kommt. Dort verliebt er sich Hals über Kopf in die junge Greta, nicht ahnend, dass ein Geheimnis aus der dunkelsten Zeit des Nationalsozialismus ihre gemeinsame Familie ein Leben lang begleiten wird ...</marc:subfield>
   </marc:datafield>
   <marc:datafield ind1=" " ind2=" " tag="020">
      <marc:subfield code="a">9783423218924</marc:subfield>
      <marc:subfield code="9">9783423218924</marc:subfield>
   </marc:datafield>
   <marc:datafield ind1=" " ind2=" " tag="020">
      <marc:subfield code="a">3423218924</marc:subfield>
      <marc:subfield code="9">3423218924</marc:subfield>
   </marc:datafield>
   <marc:datafield ind1=" " ind2=" " tag="041">
      <marc:subfield code="a">ger</marc:subfield>
   </marc:datafield>
   <marc:datafield ind1="0" ind2=" " tag="490">
      <marc:subfield code="v">2</marc:subfield>
   </marc:datafield>
   <marc:datafield ind1=" " ind2=" " tag="338">
      <marc:subfield code="a">Band</marc:subfield>
   </marc:datafield>
   <marc:datafield ind1=" " ind2=" " tag="300">
      <marc:subfield code="a">574 Seiten</marc:subfield>
   </marc:datafield>
</marc:record>
